| 000 | 00784nam a22002417a 4500 | ||
|---|---|---|---|
| 999 |
_c20595 _d20595 |
||
| 003 | OSt | ||
| 005 | 20210310095107.0 | ||
| 008 | 170110b xxu||||| |||| 00| 0 eng d | ||
| 020 | _a0073038695 (recycled, acidfree paper) | ||
| 040 |
_aMMU _cMMU _dMMU _beng |
||
| 050 | 0 | 0 |
_aQL805 _b.K43 2001 |
| 082 | 0 | 0 |
_a571.3/16 _221 |
| 100 | 1 |
_aKent, George C. _q(George Cantine), _d1914- |
|
| 245 | 1 | 0 |
_aComparative anatomy of the vertebrates / _cGeorge C. Kent, Robert K. Carr. |
| 250 | _a9th ed. | ||
| 260 |
_aBoston : _bMcGraw Hill, _cc2001. |
||
| 300 |
_axvii, 524 p. : _bill. (some col.) ; _c29 cm. |
||
| 500 | _aIncludes bibliographical references and index. | ||
| 650 | 0 |
_aVertebrates _xAnatomy. |
|
| 650 | 0 | _aAnatomy, Comparative. | |
| 700 | 1 | _aCarr, Robert K. | |
| 942 |
_2lcc _cLOAN LOAN |
||